00469nam a2200181 a 4500001001300000003000900013005001700022008004100039020001000080082001300090245003300103260004300136300000900179500003500188505001300223650002300236710002800259nice12345678IN_TiNIC20260116011829.0050524s1896 lona grp 000 0 eng  ac10000a229bOXF aApocryphab Revised Version. aLondonbOxford University Press c1896 a175p aincludes index and biblioraphy2 aAppendix aApocryphal Gospels2 aOxford University Press